Zwei Dichtungen (Запись № 11151835)
[ простой вид ]
| 000 -МАРКЕР | |
|---|---|
| контрольное поле | 01902nam0a22003971 4500 |
| 001 - ИДЕНТИФИКАТОР ЗАПИСИ | |
| контрольное поле | RU\INGAK2\INFOCOMM_322\NLR\5000173492 |
| 005 - ИДЕНТИФИКАТОР ВЕРСИИ | |
| контрольное поле | 20260406152128.0 |
| 010 ## - МЕЖДУНАРОДНЫЙ СТАНДАРТНЫЙ НОМЕР КНИГИ (ISBN) | |
| Тираж | 4000 экз. |
| Уточнения | В пер. |
| Цена | 10 р. |
| 035 ## - ДРУГИЕ СИСТЕМНЫЕ НОМЕРА | |
| Идентификатор записи | (NLR Aleph) 011040638 |
| 100 ## - ДАННЫЕ ОБЩЕЙ ОБРАБОТКИ | |
| Данные общей обработки | 20130213d1940 |||y0rusy50 ca |
| 101 1# - ЯЗЫК РЕСУРСА | |
| Язык текста, звукозаписи и т.д. | немецкий |
| 102 ## - СТРАНА ПУБЛИКАЦИИ ИЛИ ПРОИЗВОДСТВА | |
| Страна публикации | российская федерация |
| 105 ## - ПОЛЕ КОДИРОВАННЫХ ДАННЫХ: ТЕКСТОВЫЕ МАТЕРИАЛЫ, МОНОГРАФИЧЕСКИЕ | |
| Кодированные данные о монографическом текстовом документе | y z|||| |
| 200 1# - ЗАГЛАВИЕ И СВЕДЕНИЯ ОБ ОТВЕТСТВЕННОСТИ | |
| Основное заглавие | Zwei Dichtungen |
| Параллельное заглавие | Две поэмы |
| Сведения, относящиеся к заглавию | "Wladimir Iljitsch Lenin" (1924) |
| -- | "Gut und schön" (1927) |
| Первые сведения об ответственности | Nachdichtungen von Hugo Huppert |
| Язык параллельного заглавия | русский |
| 210 ## - ПУБЛИКАЦИЯ, РАСПРОСТРАНЕНИЕ И ДР. | |
| Место издания, распространения и т.д. | M. |
| Имя издателя, распространителя и т. д. | "Meshdunarodnaja kniga" |
| Дата издания, распространения и т.д. | 1940 |
| 215 ## - ФИЗИЧЕСКАЯ ХАРАКТЕРИСТИКА | |
| Специфическое обозначение материала и объем | VIII, 188 с. |
| Размеры | 20 |
| 316 ## - ПРИМЕЧАНИЯ ОБ ОСОБЕННОСТЯХ ЭКЗЕМПЛЯРА | |
| Текст примечания | Экз. РНБ (246/55): Из Отделения "Библиотека всемирной литературы" |
| Организация и экземпляр, к которому относится поле | NLR: 246/55 |
| 320 ## - ПРИМЕЧАНИЯ О НАЛИЧИИ В ДОКУМЕНТЕ БИБЛИОГРАФИИ / УКАЗАТЕЛЯ | |
| Текст примечания | Вступ. статья: О. М. Брик. "Поэт-новатор", с. III-VIII |
| 510 1# - ПАРАЛЛЕЛЬНОЕ ЗАГЛАВИЕ | |
| Связь между полями | z02790 |
| Параллельное заглавие | Две поэмы |
| Язык заглавия | русский |
| 600 #1 - ИМЯ ЛИЦА КАК ПРЕДМЕТ | |
| Начальный элемент ввода | Ленин |
| Часть имени, кроме начального элемента ввода | В. И. |
| Даты | 1870-1924 |
| Расширение инициалов личного имени | Владимир Ильич |
| Тематический подзаголовок | В художественной литературе |
| Код системы | nlr_sh1 |
| 620 ## - МЕСТО И ДАТА ПУБЛИКАЦИИ, ИСПОЛНЕНИЯ И Т. Д. | |
| Страна | Москва |
| 700 #1 - ИМЯ ЛИЦА - ПЕРВИЧНАЯ ОТВЕТСТВЕННОСТЬ | |
| Материалы, к которым относится поле | rus |
| Графика поля | Латинская |
| Начальный элемент ввода | Majakovskij |
| Часть имени, кроме начального элемента ввода | V. V. |
| Даты | 1893-1930 |
| Расширение инициалов личного имени | Vladimir Vladimirovič |
| Идентификатор авторитетной/нормативной записи | RU\NLR\AUTH\775762 |
| Системный номер авторитетной/нормативной записи | 115721 |
| 702 #1 - ИМЯ ЛИЦА - ВТОРИЧНАЯ ОТВЕТСТВЕННОСТЬ | |
| Начальный элемент ввода | Huppert |
| Часть имени, кроме начального элемента ввода | H. |
| Расширение инициалов личного имени | Hugo |
| Код отношения | Переводчик |
| 702 #1 - ИМЯ ЛИЦА - ВТОРИЧНАЯ ОТВЕТСТВЕННОСТЬ | |
| Код отношения | Прочие |
| Материалы, к которым относится поле | rus |
| Графика поля | Латинская |
| Начальный элемент ввода | Lenin |
| Часть имени, кроме начального элемента ввода | V. I. |
| Даты | 1870-1924 |
| Расширение инициалов личного имени | Vladimir Il'ič |
| Идентификатор авторитетной/нормативной записи | RU\NLR\AUTH\7781360 |
| Системный номер авторитетной/нормативной записи | 64288 |
| 790 #1 - ИМЯ ЛИЦА - АЛЬТЕРНАТИВНАЯ ФОРМА | |
| Материалы, к которым относится поле | rus |
| Графика поля | Кириллица |
| Начальный элемент ввода | Маяковский |
| Часть имени, кроме начального элемента ввода | В. В. |
| Даты | 1893-1930 |
| Расширение инициалов личного имени | Владимир Владимирович |
| Идентификатор авторитетной/нормативной записи | RU\NLR\AUTH\775761 |
| Системный номер авторитетной/нормативной записи | 115720 |
| 790 #1 - ИМЯ ЛИЦА - АЛЬТЕРНАТИВНАЯ ФОРМА | |
| Код отношения | Автор идеи, слогана |
| Материалы, к которым относится поле | rus |
| Графика поля | Кириллица |
| Начальный элемент ввода | Ленин |
| Часть имени, кроме начального элемента ввода | В. И. |
| Даты | 1870-1924 |
| Расширение инициалов личного имени | Владимир Ильич |
| Идентификатор авторитетной/нормативной записи | RU\NLR\AUTH\773584 |
| Системный номер авторитетной/нормативной записи | 113579 |
| 801 #1 - ИСТОЧНИК ЗАПИСИ | |
| Страна | российская федерация |
| Организация | InfoComm |
| Дата составления | 20130213 |
| 801 #0 - ИСТОЧНИК ЗАПИСИ | |
| Страна | российская федерация |
| Организация | NLR |
| Правила каталогизации | PSBO |
| 830 ## - ОБЩЕЕ ПРИМЕЧАНИЕ, СОСТАВЛЕННОЕ КАТАЛОГИЗАТОРОМ | |
| Текст примечания | Экз. "Всемирной лит." описан по карточке каталога Отделения "Б-ка всемирной лит." |
| 852 ## - МЕСТОНАХОЖДЕНИЕ И ШИФР ХРАНЕНИЯ | |
| Идентификатор организации | NLR |
| Шифр хранения (Call Number) | D3/561 |
| 852 ## - МЕСТОНАХОЖДЕНИЕ И ШИФР ХРАНЕНИЯ | |
| Идентификатор организации | NLR |
| Шифр хранения (Call Number) | 246/55 |
| 942 ## - ДОПОЛНИТЕЛЬНЫЕ ЭЛЕМЕНТЫ ЗАПИСИ (АБИС) | |
| Тип экземпляра АБИС | Книга |
| 980 ## - КОЛЛЕКЦИЯ | |
| Название коллекции | Национальная библиография |
| 980 ## - КОЛЛЕКЦИЯ | |
| Название коллекции | Библиотека всемирной литературы |
Нет доступных экземпляров.